Fundamentals of Electronic Phenomena (Record no. 1961)

MARC details
000 -LEADER
fixed length control field 00613nam a22002177a 4500
003 - CONTROL NUMBER IDENTIFIER
control field OSt
005 - DATE AND TIME OF LATEST TRANSACTION
control field 20250911020003.0
008 - FIXED-LENGTH DATA ELEMENTS--GENERAL INFORMATION
fixed length control field 150602b xxu||||| |||| 00| 0 eng d
020 ## - INTERNATIONAL STANDARD BOOK NUMBER
International Standard Book Number 0716735687
040 ## - CATALOGING SOURCE
Transcribing agency DDC
082 ## - DEWEY DECIMAL CLASSIFICATION NUMBER
Classification number 537 LOR 2000
100 ## - MAIN ENTRY--PERSONAL NAME
Personal name Loraine, Paul
9 (RLIN) 5152
245 ## - TITLE STATEMENT
Title Fundamentals of Electronic Phenomena
260 ## - PUBLICATION, DISTRIBUTION, ETC. (IMPRINT)
Place of publication, distribution, etc. New york;
Name of publisher, distributor, etc. W.H fFreeman & company,
Date of publication, distribution, etc. 2000
300 ## - PHYSICAL DESCRIPTION
Extent xii;505p.
Other physical details ill;
Dimensions 24cm
504 ## - BIBLIOGRAPHY, ETC. NOTE
Bibliography, etc References & index included
651 ## - SUBJECT ADDED ENTRY--GEOGRAPHIC NAME
Geographic name electromagnetic
9 (RLIN) 5153
651 ## - SUBJECT ADDED ENTRY--GEOGRAPHIC NAME
Geographic name phenomena
9 (RLIN) 5154
700 ## - ADDED ENTRY--PERSONAL NAME
Personal name Corson, Dale R; Lorrain, Francis
9 (RLIN) 5155
942 ## - ADDED ENTRY ELEMENTS (KOHA)
Source of classification or shelving scheme Dewey Decimal Classification
Koha item type Open Shelf
Koha issues (borrowed), all copies 2
Holdings
Withdrawn status Lost status Source of classification or shelving scheme Damaged status Not for loan Home library Current library Date acquired Source of acquisition Inventory number Total Checkouts Full call number Barcode Date last seen Price effective from Koha item type Date last checked out
    Dewey Decimal Classification     MUST Main Library MUST Main Library 02/06/2015   14/38085   537 LOR 2000 2015-1727 02/06/2015 02/06/2015 Open Shelf  
    Dewey Decimal Classification     MUST Main Library MUST Main Library 05/09/2024 Purchase 12/36362 2 537 LOR 2000 2024-22329 10/09/2025 05/09/2024 Book Bank 10/09/2025